[Event "AUT-ch Seniors 65"]
[Site "Vienna"]
[Date "2023.05.17"]
[Round "3"]
[White "Doppelhammer, Herbert"]
[Black "Karlstoetter, Kurt"]
[Result "1-0"]
[WhiteElo "1987"]
[BlackElo "1872"]
[PlyCount "53"]
[EventDate "2023.05.15"]
[EventType "swiss"]
[EventRounds "7"]
[EventCountry "AUT"]
[SourceTitle "CBM 214 Extra"]
[Source "ChessBase"]
[SourceDate "2023.07.31"]
[SourceVersion "1"]
[SourceVersionDate "2023.07.31"]
[SourceQuality "1"]

1. d4 d5 2. c4 c6 3. cxd5 cxd5 4. Bf4 Nc6 5. e3 Bf5 6. Qb3 Qd7 7. Nc3 e6 8. Nf3 f6 9. Be2 Rc8 10. 0-0 g5 11. Bg3 h5 12. h4 g4 13. Nd2 Nge7 14. Rfd1 Ng6 15. Rac1 Bd6 16. Bxd6 Qxd6 17. Qxb7 Rb8 18. Nb5 Qe7 19. Qxc6+ Kf8 20. Qd6 Qxd6 21. Nxd6 Rxb2 22. Rc8+ Kg7 23. Nxf5+ exf5 24. Rxh8 Kxh8 25. a4 Nxh4 26. Bd3 Kg7 27. Nf1 1-0

[Event "Niederoesterreich-ch Seniors op"]
[Site "Spitz in der Wachau"]
[Date "2020.10.13"]
[Round "3"]
[White "Selig, Rainer"]
[Black "Karlstoetter, Kurt"]
[Result "1-0"]
[WhiteElo "2094"]
[BlackElo "1916"]
[PlyCount "77"]
[EventDate "2020.10.11"]
[EventType "swiss"]
[EventRounds "7"]
[EventCountry "AUT"]
[SourceTitle "CBM 198 Extra"]
[Source "ChessBase"]
[SourceDate "2020.11.30"]
[SourceVersion "1"]
[SourceVersionDate "2020.11.30"]
[SourceQuality "1"]

1. Nf3 Nf6 2. c4 c5 3. g3 Nc6 4. Bg2 d5 5. cxd5 Nxd5 6. 0-0 g6 7. d4 e6 8. dxc5 Bxc5 9. e4 Ndb4 10. Qxd8+ Nxd8 11. Nc3 Ke7 12. e5 h6 13. Ne4 Bb6 14. Nf6 Ndc6 15. Bxh6 Nxe5 16. Bg7 Nxf3+ 17. Bxf3 Rd8 18. Rad1 Bd7 19. Bxb7 Rab8 20. Nxd7 Rxd7 21. Rxd7+ Kxd7 22. Rd1+ Ke7 23. Bf3 Nxa2 24. Be5 Rd8 25. Kg2 Nb4 26. Rxd8 Kxd8 27. Be2 Nc6 28. Bf6+ Kd7 29. b3 Kd6 30. Bc3 Bd4 31. Bd2 Bc5 32. h4 Bb4 33. Bh6 Nd4 34. Bc4 Ke5 35. Bg7+ Ke4 36. g4 Nf3 37. h5 gxh5 38. gxh5 Nh4+ 39. Kh3 1-0

[Event "North Austria-ch Seniors 65"]
[Site "Spitz am Donau"]
[Date "2018.10.11"]
[Round "5.6"]
[White "Karlstoetter, Kurt"]
[Black "Kuda, Heinz"]
[Result "1/2-1/2"]
[WhiteElo "1906"]
[BlackElo "1850"]
[PlyCount "46"]
[EventDate "2018.10.07"]
[EventType "swiss"]
[EventRounds "7"]
[EventCountry "AUT"]
[SourceTitle "EXT 2024"]
[Source "ChessBase"]
[SourceDate "2023.10.10"]
[SourceVersion "1"]
[SourceVersionDate "2023.10.10"]
[SourceQuality "1"]

1. e4 c5 2. Nf3 a6 3. Nc3 d6 4. a4 Nc6 5. Bc4 Nf6 6. d4 cxd4 7. Nxd4 e6 8. Be3 Be7 9. 0-0 0-0 10. Bb3 Bd7 11. f4 Qc7 12. Qe2 Rac8 13. h3 Nxd4 14. Bxd4 Bc6 15. Rad1 Nd7 16. f5 e5 17. Be3 Nc5 18. Qg4 Kh8 19. Bxc5 dxc5 20. Bd5 f6 21. Rf3 Rfd8 22. Rg3 Bf8 23. Qh5 Be8 1/2-1/2

[Event "North Austria-ch Seniors 65"]
[Site "Spitz am Donau"]
[Date "2018.10.09"]
[Round "3.1"]
[White "Karlstoetter, Kurt"]
[Black "Proksch, Gerhard"]
[Result "1/2-1/2"]
[WhiteElo "1906"]
[BlackElo "1929"]
[PlyCount "77"]
[EventDate "2018.10.07"]
[EventType "swiss"]
[EventRounds "7"]
[EventCountry "AUT"]
[SourceTitle "EXT 2024"]
[Source "ChessBase"]
[SourceDate "2023.10.10"]
[SourceVersion "1"]
[SourceVersionDate "2023.10.10"]
[SourceQuality "1"]

1. e4 c5 2. Nf3 a6 3. Nc3 d6 4. Bc4 e6 5. a4 Nc6 6. d4 cxd4 7. Nxd4 Nf6 8. Be3 Be7 9. 0-0 Qc7 10. Be2 Bd7 11. f4 Rc8 12. g4 Nxd4 13. Bxd4 Bc6 14. Bd3 e5 15. Be3 exf4 16. Rxf4 Nd7 17. Rf5 Ne5 18. Be2 Bd7 19. Rf2 Be6 20. Rg2 0-0 21. Nd5 Bxd5 22. Qxd5 Qc6 23. Qxc6 Rxc6 24. c3 Nc4 25. Bd4 Na5 26. Bd1 Rcc8 27. g5 Nc6 28. Bg4 Ra8 29. h4 Ne5 30. Bxe5 dxe5 31. Rd2 Rab8 32. Rd5 f6 33. Rad1 fxg5 34. Be6+ Kh8 35. Rd7 Bc5+ 36. Kh1 gxh4 37. b4 Be3 38. Bd5 Rfd8 39. Bxb7 1/2-1/2

[Event "North Austria-ch Seniors 65"]
[Site "Spitz am Donau"]
[Date "2018.10.07"]
[Round "1.13"]
[White "Karlstoetter, Kurt"]
[Black "Zierlinger, Karl"]
[Result "1-0"]
[WhiteElo "1906"]
[BlackElo "1268"]
[PlyCount "81"]
[EventDate "2018.10.07"]
[EventType "swiss"]
[EventRounds "7"]
[EventCountry "AUT"]
[SourceTitle "EXT 2024"]
[Source "ChessBase"]
[SourceDate "2023.10.10"]
[SourceVersion "1"]
[SourceVersionDate "2023.10.10"]
[SourceQuality "1"]

1. e4 c5 2. Nf3 Nc6 3. d4 e6 4. Be3 cxd4 5. Nxd4 a6 6. Be2 e5 7. Nb3 Nf6 8. Nc3 Bb4 9. Qd3 Bxc3+ 10. bxc3 0-0 11. 0-0 d5 12. f3 Be6 13. Nc5 Qe7 14. Rab1 Rab8 15. exd5 Nxd5 16. c4 Ndb4 17. Qc3 a5 18. Nb3 b6 19. c5 Nxa2 20. Qa1 Nab4 21. Rfc1 Bxb3 22. cxb3 b5 23. Qb2 Rfd8 24. Rd1 Nd5 25. Bf2 b4 26. Bc4 Nc3 27. Rxd8+ Rxd8 28. Ra1 Qg5 29. Re1 Rd2 30. Qc1 Nd4 31. Rxe5 Qxe5 32. Qxd2 Nce2+ 33. Kf1 Nc3 34. Qxd4 Qxd4 35. Bxd4 Kf8 36. Ke1 a4 37. Bxc3 bxc3 38. b4 Ke8 39. Kd1 Kd7 40. Kc2 Kc6 41. Kxc3 1-0

[Event "North Austria-ch Seniors 65"]
[Site "Spitz am Donau"]
[Date "2017.10.13"]
[Round "6"]
[White "Karlstoetter, Kurt"]
[Black "Teichmeister, Sven"]
[Result "0-1"]
[WhiteElo "1915"]
[BlackElo "2005"]
[PlyCount "94"]
[EventDate "2017.10.08"]
[EventType "swiss"]
[EventRounds "7"]
[EventCountry "AUT"]
[SourceTitle "CBM 181 Extra"]
[Source "ChessBase"]
[SourceDate "2017.12.12"]
[SourceVersion "1"]
[SourceVersionDate "2017.12.12"]
[SourceQuality "1"]

1. e4 d6 2. d4 Nf6 3. Nc3 e5 4. dxe5 dxe5 5. Qxd8+ Kxd8 6. Bg5 Nbd7 7. 0-0-0 Bd6 8. Bc4 Ke8 9. f3 Nb6 10. Bb3 Be6 11. Bxe6 fxe6 12. Nge2 h6 13. Be3 Nc4 14. Bf2 Ke7 15. b3 Na5 16. Nb5 a6 17. Nxd6 cxd6 18. Rd3 b5 19. Rhd1 Nb7 20. Nc3 Rhc8 21. Kb2 Rc6 22. a3 Rac8 23. R1d2 Nd7 24. Na2 Ndc5 25. Rc3 a5 26. Kb1 Nxe4 27. fxe4 Rxc3 28. Nxc3 Rxc3 29. Kb2 Rc8 30. Rd3 Rf8 31. Bb6 Rc8 32. Rc3 Rxc3 33. Kxc3 d5 34. Kd3 Kd6 35. c3 Kc6 36. Ba7 Nc5+ 37. Bxc5 Kxc5 38. b4+ axb4 39. cxb4+ Kc6 40. Ke3 h5 41. h4 dxe4 42. Kxe4 Kd6 43. Ke3 Kd5 44. Kd3 e4+ 45. Kc3 e3 46. Kb3 e5 47. Kc3 e4 0-1

[Event "North Austria-ch Seniors 65"]
[Site "Spitz am Donau"]
[Date "2017.10.09"]
[Round "2"]
[White "Enzendorfer, Alfred"]
[Black "Karlstoetter, Kurt"]
[Result "1/2-1/2"]
[WhiteElo "2100"]
[BlackElo "1915"]
[PlyCount "70"]
[EventDate "2017.10.08"]
[EventType "swiss"]
[EventRounds "7"]
[EventCountry "AUT"]
[SourceTitle "CBM 181 Extra"]
[Source "ChessBase"]
[SourceDate "2017.12.12"]
[SourceVersion "1"]
[SourceVersionDate "2017.12.12"]
[SourceQuality "1"]

1. Nf3 d5 2. d4 Nf6 3. Bf4 Bf5 4. e3 e6 5. Bd3 Bxd3 6. Qxd3 c5 7. dxc5 Qa5+ 8. c3 Qxc5 9. 0-0 Nc6 10. Nbd2 Nh5 11. Be5 Nxe5 12. Nxe5 Bd6 13. b4 Qc7 14. Nef3 0-0 15. Rac1 Rad8 16. Qe2 Nf6 17. a3 Ne4 18. Qd3 f5 19. g3 Qf7 20. Qe2 e5 21. c4 Nxd2 22. Nxd2 dxc4 23. Qxc4 Be7 24. Nf3 h6 25. Qxf7+ Kxf7 26. Rfd1 Ke6 27. Kf1 g5 28. Ke2 Rd6 29. Rxd6+ Bxd6 30. h3 Rd8 31. g4 f4 32. e4 a5 33. bxa5 Ra8 34. Rb1 Rxa5 35. Rxb7 Rxa3 1/2-1/2

[Event "North Austria-ch Seniors 65"]
[Site "Spitz am Donau"]
[Date "2017.10.08"]
[Round "1"]
[White "Karlstoetter, Kurt"]
[Black "Woeber, Friedrich"]
[Result "1/2-1/2"]
[WhiteElo "1915"]
[BlackElo "2140"]
[PlyCount "31"]
[EventDate "2017.10.08"]
[EventType "swiss"]
[EventRounds "7"]
[EventCountry "AUT"]
[SourceTitle "CBM 181 Extra"]
[Source "ChessBase"]
[SourceDate "2017.12.12"]
[SourceVersion "1"]
[SourceVersionDate "2017.12.12"]
[SourceQuality "1"]

1. e4 e5 2. Nf3 Nc6 3. Bb5 f5 4. d4 fxe4 5. Bxc6 dxc6 6. Nxe5 Qh4 7. 0-0 Nf6 8. f3 exf3 9. Nxf3 Qh5 10. Qe2+ Kd8 11. Bf4 Bd6 12. Be5 Bg4 13. h3 Bxf3 14. Bxf6+ gxf6 15. Qxf3 Qxf3 16. Rxf3 1/2-1/2

[Event "AUT-ch Seniors 65"]
[Site "Vienna"]
[Date "2017.02.08"]
[Round "3.3"]
[White "Karall, Lorenz"]
[Black "Karlstoetter, Kurt"]
[Result "1/2-1/2"]
[WhiteElo "1937"]
[BlackElo "1863"]
[PlyCount "38"]
[EventDate "2017.02.06"]
[EventType "swiss"]
[EventRounds "7"]
[EventCountry "AUT"]
[SourceTitle "EXT 2024"]
[Source "ChessBase"]
[SourceDate "2023.10.10"]
[SourceVersion "1"]
[SourceVersionDate "2023.10.10"]
[SourceQuality "1"]

1. d4 d5 2. Nf3 Nf6 3. c4 c6 4. e3 g6 5. Nc3 Bg7 6. Bd3 Bg4 7. h3 Bxf3 8. Qxf3 0-0 9. 0-0 e6 10. Rd1 Nbd7 11. e4 e5 12. Be3 dxe4 13. Nxe4 Nxe4 14. Bxe4 f5 15. Bc2 f4 16. Bd2 exd4 17. Bxf4 Be5 18. g3 Qb6 19. Qg4 Bxf4 1/2-1/2

[Event "WchT Seniors 65"]
[Site "Radebeul"]
[Date "2016.06.30"]
[Round "5.3"]
[White "Karlstoetter, Kurt"]
[Black "Selig, Rainer"]
[Result "1-0"]
[WhiteElo "1848"]
[BlackElo "2139"]
[PlyCount "43"]
[EventDate "2016.06.26"]
[EventType "team-swiss"]
[EventRounds "9"]
[EventCountry "GER"]
[SourceTitle "CBM 173 Extra"]
[Source "ChessBase"]
[SourceDate "2016.08.29"]
[SourceVersion "1"]
[SourceVersionDate "2016.08.29"]
[SourceQuality "1"]
[WhiteTeam "Wien II"]
[BlackTeam "Oberlausitz"]
[WhiteTeamCountry "AUT"]
[BlackTeamCountry "GER"]

1. e4 c5 2. Nf3 d6 3. d4 cxd4 4. Nxd4 Nf6 5. Nc3 a6 6. Bc4 e6 7. Be3 b5 8. Bb3 b4 9. Na4 Nxe4 10. 0-0 Nd7 11. f4 Ndc5 12. f5 Nxb3 13. fxe6 Nxd4 14. exf7+ Kd7 15. Qxd4 Bb7 16. Qxb4 Bc6 17. Nb6+ Ke7 18. Rae1 Nf6 19. Qc4 Be4 20. Qxe4+ Nxe4 21. Bg5+ Ke6 22. Rxe4# 1-0

[Event "WchT Seniors 65"]
[Site "Radebeul"]
[Date "2016.06.27"]
[Round "2.3"]
[White "Karlstoetter, Kurt"]
[Black "Rantanen, Veikko J"]
[Result "1/2-1/2"]
[WhiteElo "1848"]
[BlackElo "1966"]
[PlyCount "38"]
[EventDate "2016.06.26"]
[EventType "team-swiss"]
[EventRounds "9"]
[EventCountry "GER"]
[SourceTitle "CBM 173 Extra"]
[Source "ChessBase"]
[SourceDate "2016.08.29"]
[SourceVersion "1"]
[SourceVersionDate "2016.08.29"]
[SourceQuality "1"]
[WhiteTeam "Wien II"]
[BlackTeam "Turku"]
[WhiteTeamCountry "AUT"]
[BlackTeamCountry "FIN"]

1. e4 e6 2. d4 d5 3. Nc3 Nf6 4. e5 Nfd7 5. f4 c5 6. Nf3 Nc6 7. Be3 Qb6 8. a3 cxd4 9. Nxd4 Nxd4 10. Bxd4 Bc5 11. Nb5 0-0 12. b4 Bxd4 13. Qxd4 Qxd4 14. Nxd4 a6 15. c4 dxc4 16. Bxc4 Nb6 17. Bb3 Bd7 18. Kf2 Rac8 19. Rac1 Rfd8 1/2-1/2